[Event "Quebec Carnaval op"]
[Site "Quebec"]
[Date "2002.02.09"]
[Round "2"]
[White "Khassanov, Marat"]
[Black "Tremblay, Sylvain"]
[Result "0-1"]
[WhiteElo "2417"]
[BlackElo "2211"]
[PlyCount "86"]
[EventDate "2002.02.??"]
[EventType "swiss"]
[EventRounds "5"]
[EventCountry "CAN"]
[SourceTitle "EXT 2006"]
[Source "ChessBase"]
[SourceDate "2005.11.24"]
[SourceVersion "1"]
[SourceVersionDate "2005.11.24"]
[SourceQuality "1"]

1. d4 Nf6 2. g3 d5 3. c4 c6 4. Nd2 g6 5. Bg2 Bg7 6. Ngf3 0-0 7. 0-0 Nbd7 8. Qc2 dxc4 9. Nxc4 Nb6 10. Nxb6 axb6 11. e4 Bg4 12. Be3 Ra6 13. a4 Qa8 14. Ne5 b5 15. b3 Rc8 16. Qc5 Bf8 17. Bg5 Be6 18. Qc2 Nd7 19. Nd3 bxa4 20. bxa4 b5 21. Rfc1 Rxa4 22. Rxa4 Qxa4 23. Qxa4 bxa4 24. d5 Bg4 25. f3 Bg7 26. Bxe7 Bd4+ 27. Kf1 c5 28. fxg4 a3 29. Rc2 Rb8 30. Ra2 Rb1+ 31. Ne1 Rb2 32. Rxa3 Rf2+ 33. Kg1 Rf3+ 34. Re3 Bxe3+ 35. Kh1 Rf2 36. Nf3 c4 37. e5 c3 38. e6 fxe6 39. dxe6 Nc5 40. Ne1 Re2 41. Bd5 Rxe1+ 42. Kg2 c2 43. Bf6 Nxe6 0-1

[Event "Levis Bonne Annee"]
[Site "Levis"]
[Date "2000.01.09"]
[Round "5"]
[White "Tessier Desrosiers, Olivier"]
[Black "Tremblay, Sylvain"]
[Result "0-1"]
[WhiteElo "1952"]
[BlackElo "2219"]
[PlyCount "186"]
[EventDate "2000.01.07"]
[EventType "swiss"]
[EventRounds "5"]
[EventCountry "CAN"]
[SourceTitle "EXT 2022"]
[Source "ChessBase"]
[SourceDate "2021.10.06"]
[SourceVersion "1"]
[SourceVersionDate "2021.10.06"]
[SourceQuality "1"]

1. e4 c6 2. d4 d5 3. Nc3 dxe4 4. Nxe4 Bf5 5. Ng3 Bg6 6. Nf3 e6 7. h4 h6 8. h5 Bh7 9. Bd3 Bxd3 10. Qxd3 Nd7 11. Bf4 Qa5+ 12. Bd2 Qc7 13. 0-0-0 Ngf6 14. Kb1 Bd6 15. Ne2 0-0-0 16. c4 c5 17. Qc2 Kb8 18. Nc3 a6 19. b3 Ka8 20. Bc1 cxd4 21. Nxd4 Bc5 22. f3 Qe5 23. Nce2 Qc7 24. Bb2 Nb8 25. Bc3 Bb6 26. Qb2 Nbd7 27. Nc2 Rhg8 28. Ne1 Nc5 29. Rd4 Rxd4 30. Bxd4 Qd8 31. Qc2 Qe7 32. Nd3 Nxd3 33. Bxb6 Nb4 34. Qd2 Nc6 35. Be3 Rd8 36. Qc1 Qd7 37. Bb6 Qd3+ 38. Qc2 Nb4 39. Qxd3 Rxd3 40. Ba5 Nc6 41. Kc2 Re3 42. Kd2 Rxe2+ 43. Kxe2 Nxa5 44. g4 Kb8 45. Kf2 Kc7 46. Kg3 Nc6 47. Rd1 e5 48. Rd2 Nd4 49. Rh2 Kd6 50. b4 b5 51. cxb5 axb5 52. a4 Nd5 53. axb5 Nxb4 54. Rb2 Ndc2 55. Rb3 Nd5 56. b6 Ncb4 57. Rb1 Kc6 58. Re1 f6 59. Rc1+ Kb7 60. Ra1 Nxb6 61. Rd1 N4d5 62. Rc1 Nd7 63. Rd1 Kc6 64. Ra1 Kd6 65. Ra8 Ke6 66. Ra6+ Ke7 67. Ra4 Nf4 68. Ra8 Ne2+ 69. Kf2 Nd4 70. Rg8 Kf7 71. Rc8 Ne6 72. Kg3 g6 73. hxg6+ Kxg6 74. Rc4 Ndc5 75. Rc2 h5 76. gxh5+ Kxh5 77. Rh2+ Kg5 78. Rc2 f5 79. Re2 f4+ 80. Kg2 Kf5 81. Rc2 Nd3 82. Re2 Ng5 83. Rd2 Ne1+ 84. Kh1 Nexf3 85. Rd8 e4 86. Rf8+ Kg4 87. Re8 e3 88. Re7 Nd4 89. Re8 e2 90. Re7 Kf3 91. Kg1 Ne4 92. Kh2 e1Q 93. Rxe4 Qg3+ 0-1

[Event "Trois-Rivieres Mauricie op"]
[Site "Trois Rivieres"]
[Date "1997.03.16"]
[Round "5"]
[White "Levtchouk, George"]
[Black "Tremblay, Sylvain"]
[Result "1-0"]
[WhiteElo "2346"]
[BlackElo "2151"]
[PlyCount "51"]
[EventDate "1997.03.19"]
[EventType "swiss"]
[EventRounds "5"]
[EventCountry "CAN"]
[SourceTitle "EXT 2022"]
[Source "ChessBase"]
[SourceDate "2021.10.06"]
[SourceVersion "1"]
[SourceVersionDate "2021.10.06"]
[SourceQuality "1"]

1. d4 Nf6 2. c4 e6 3. Nc3 Bb4 4. f3 d5 5. a3 Be7 6. e4 dxe4 7. fxe4 e5 8. d5 Bc5 9. Nf3 Ng4 10. b4 Bf2+ 11. Ke2 c5 12. h3 Bd4 13. hxg4 Bxc3 14. Rb1 cxb4 15. axb4 Bxg4 16. Be3 a5 17. b5 b6 18. Kd3 Bb4 19. Be2 Nd7 20. Ng5 Bxe2+ 21. Qxe2 Nf6 22. Qf2 Rb8 23. Rbf1 0-0 24. Qg3 h6 25. Rxh6 Nxe4 26. Rh8+ 1-0

[Event "Trois-Rivieres Mauricie op"]
[Site "Trois Rivieres"]
[Date "1997.03.15"]
[Round "3"]
[White "Lesiege, Alexandre"]
[Black "Tremblay, Sylvain"]
[Result "1-0"]
[WhiteElo "2526"]
[BlackElo "2151"]
[PlyCount "119"]
[EventDate "1997.03.19"]
[EventType "swiss"]
[EventRounds "5"]
[EventCountry "CAN"]
[SourceTitle "EXT 2022"]
[Source "ChessBase"]
[SourceDate "2021.10.06"]
[SourceVersion "1"]
[SourceVersionDate "2021.10.06"]
[SourceQuality "1"]

1. e4 e5 2. Nf3 Nc6 3. Bc4 Nf6 4. d3 Be7 5. 0-0 0-0 6. Bb3 d6 7. c3 Na5 8. Bc2 c5 9. Nbd2 Be6 10. Re1 Re8 11. Nf1 h6 12. Ng3 Bf8 13. h3 b5 14. d4 cxd4 15. cxd4 Qc7 16. b3 Bd7 17. Bb2 Rac8 18. Bd3 Qb8 19. Qd2 Nb7 20. b4 g6 21. Rac1 Rxc1 22. Qxc1 Bg7 23. Qa1 Nh7 24. Nf1 Ng5 25. Nxg5 hxg5 26. Ne3 Nd8 27. d5 Nb7 28. Qd1 a5 29. a3 Qa7 30. Qe2 Qb6 31. Nd1 Rb8 32. Bc1 axb4 33. axb4 Bf6 34. Be3 Qa6 35. Qb2 Ra8 36. Nc3 Nd8 37. Qd2 Rc8 38. Rb1 Be7 39. Bxg5 f6 40. Be3 Nf7 41. Qb2 Ra8 42. Qe2 Rb8 43. Qa2 Qc8 44. Rc1 Qe8 45. Qc2 Bd8 46. Ra1 Rc8 47. Ra3 Kg7 48. Qe2 Rb8 49. Ra7 f5 50. exf5 gxf5 51. Qh5 f4 52. Bd2 Bb6 53. Ra6 Qh8 54. Qg6+ Kf8 55. Bf5 Be8 56. Ne4 Qh4 57. Be1 Qe7 58. Nf6 Qc7 59. Nh7+ Ke7 60. Qf6# 1-0

[Event "Thetford Mines Groupe Commerce"]
[Site "Thetford Mines"]
[Date "1994.07.01"]
[Round "1"]
[White "Tremblay, Sylvain"]
[Black "Beaudoin, Stephane"]
[Result "1-0"]
[WhiteElo "2111"]
[BlackElo "1881"]
[PlyCount "43"]
[EventDate "1994.07.01"]
[EventType "swiss"]
[EventRounds "5"]
[EventCountry "CAN"]
[SourceTitle "EXT 2022"]
[Source "ChessBase"]
[SourceDate "2021.10.06"]
[SourceVersion "1"]
[SourceVersionDate "2021.10.06"]
[SourceQuality "1"]

1. e4 Nf6 2. e5 Nd5 3. d4 d6 4. Nf3 Nc6 5. Bb5 a6 6. Bxc6+ bxc6 7. 0-0 e6 8. c4 Nb6 9. b3 Be7 10. a4 0-0 11. a5 Nd7 12. Bb2 Rb8 13. Nbd2 d5 14. Qc2 g5 15. h3 h5 16. Nh2 f5 17. exf6 Rxf6 18. f4 Qe8 19. cxd5 cxd5 20. Qxc7 Rb7 21. Qc6 Bd8 22. Qxc8 1-0

[Event "Trois-Rivieres Mauricie op"]
[Site "Trois Rivieres"]
[Date "1994.03.20"]
[Round "5"]
[White "Prahov, Valentin Asenov"]
[Black "Tremblay, Sylvain"]
[Result "1/2-1/2"]
[WhiteElo "2124"]
[BlackElo "2094"]
[PlyCount "87"]
[EventDate "1994.03.18"]
[EventType "swiss"]
[EventRounds "5"]
[EventCountry "CAN"]
[SourceTitle "EXT 2022"]
[Source "ChessBase"]
[SourceDate "2021.10.06"]
[SourceVersion "1"]
[SourceVersionDate "2021.10.06"]
[SourceQuality "1"]

1. e4 e5 2. Nf3 Nc6 3. Bb5 a6 4. Ba4 Nf6 5. 0-0 Be7 6. Re1 b5 7. Bb3 d6 8. c3 0-0 9. h3 Na5 10. Bc2 c5 11. d3 Bb7 12. Nbd2 Re8 13. Nf1 Bf8 14. Qe2 g6 15. Ng3 Bg7 16. Bd2 d5 17. Rad1 Qc7 18. Bg5 dxe4 19. dxe4 Nc4 20. Bb3 Nb6 21. Nh2 c4 22. Bc2 Nbd7 23. Qf3 h6 24. Bc1 Kh7 25. Ng4 Nxg4 26. hxg4 Nf8 27. Kh2 Ne6 28. Rh1 Rad8 29. Kg1 Rxd1+ 30. Bxd1 Nf4 31. Bc2 Rd8 32. Ne2 Nxe2+ 33. Qxe2 f6 34. g5 fxg5 35. Bxg5 Rd6 36. Qe3 Qd7 37. f3 h5 38. g4 Qf7 39. Kg2 Kg8 40. Qc5 hxg4 41. Qxd6 Qxf3+ 42. Kg1 Qg3+ 43. Kf1 Qf3+ 44. Kg1 1/2-1/2

[Event "Quebec Carnaval"]
[Site "Quebec"]
[Date "1994.02.05"]
[Round "3"]
[White "Vallieres, Mario"]
[Black "Tremblay, Sylvain"]
[Result "1/2-1/2"]
[WhiteElo "1913"]
[BlackElo "2117"]
[PlyCount "118"]
[EventDate "1994.02.04"]
[EventType "swiss"]
[EventRounds "5"]
[EventCountry "CAN"]
[SourceTitle "EXT 2022"]
[Source "ChessBase"]
[SourceDate "2021.10.06"]
[SourceVersion "1"]
[SourceVersionDate "2021.10.06"]
[SourceQuality "1"]

1. d4 Nf6 2. Nc3 d5 3. Bg5 Bf5 4. f3 Nbd7 5. Nxd5 Nxd5 6. e4 h6 7. Bd2 e5 8. exf5 Qh4+ 9. g3 Qxd4 10. c3 Qb6 11. Qb3 c6 12. Qxb6 axb6 13. Bd3 Be7 14. Nh3 0-0 15. 0-0 b5 16. Rfe1 Bf6 17. Nf2 Rfd8 18. Bc2 N7b6 19. Ne4 Be7 20. a3 Nc4 21. Bc1 f6 22. Bb3 Kf8 23. Bxc4 bxc4 24. Be3 Nxe3 25. Rxe3 Rd5 26. Kf1 Rad8 27. Ree1 g6 28. g4 gxf5 29. gxf5 Kf7 30. Ke2 Rg8 31. Rf1 Rg2+ 32. Rf2 Rxf2+ 33. Nxf2 Rb5 34. Nd1 Bc5 35. Rc1 h5 36. Rc2 Bg1 37. h3 Rd5 38. Rd2 h4 39. Ne3 Rxd2+ 40. Kxd2 b5 41. Ng4 Kg7 42. Kc2 Bc5 43. Kb1 Be7 44. Ka2 c5 45. Nf2 Bd8 46. Ne4 Bb6 47. a4 b4 48. cxb4 cxb4 49. Kb1 Bd4 50. a5 Kh6 51. a6 Kh5 52. Kc2 b3+ 53. Kd1 Kh6 54. Ke2 c3 55. bxc3 b2 56. Nd2 Bxc3 57. Nb1 Bd4 58. Kd3 Kg5 59. Ke4 Ba7 1/2-1/2

[Event "Asbestos Gourmands Festival"]
[Site "Asbestos"]
[Date "1993.08.21"]
[Round "2"]
[White "Lesiege, Alexandre"]
[Black "Tremblay, Sylvain"]
[Result "1/2-1/2"]
[WhiteElo "2482"]
[BlackElo "2099"]
[PlyCount "92"]
[EventDate "1993.08.20"]
[EventType "swiss"]
[EventRounds "5"]
[EventCountry "CAN"]
[SourceTitle "EXT 2022"]
[Source "ChessBase"]
[SourceDate "2021.10.06"]
[SourceVersion "1"]
[SourceVersionDate "2021.10.06"]
[SourceQuality "1"]

1. d4 Nf6 2. c4 e6 3. Nc3 Bb4 4. e3 c5 5. Bd3 Nc6 6. Nf3 d5 7. 0-0 dxc4 8. Bxc4 0-0 9. a3 Bxc3 10. bxc3 Qc7 11. Ba2 e5 12. h3 b6 13. d5 e4 14. dxc6 exf3 15. Qxf3 Ba6 16. c4 Rac8 17. Bb2 Qxc6 18. Qxc6 Rxc6 19. Rfd1 Bc8 20. Bb3 Be6 21. Ba4 Rcc8 22. Bb5 Rcd8 23. Be5 Ne4 24. f3 f6 25. Rxd8 Rxd8 26. Bc7 Rc8 27. Bh2 Nc3 28. Ba6 Rd8 29. Kf1 b5 30. cxb5 Bc4+ 31. Ke1 Bxb5 32. Bxb5 Nxb5 33. Rc1 Nxa3 34. Rxc5 Ra8 35. Kd2 a6 36. e4 Nb5 37. e5 Kf7 38. Ke3 fxe5 39. Bxe5 Re8 40. f4 g6 41. Ke4 Nd6+ 42. Kd5 Nf5 43. g4 Ne7+ 44. Ke4 Rc8 45. Ra5 Rc4+ 46. Kf3 Rc6 1/2-1/2

[Event "Trois-Rivieres Mauricie op"]
[Site "Trois Rivieres"]
[Date "1993.03.20"]
[Round "3"]
[White "Southam, Todd"]
[Black "Tremblay, Sylvain"]
[Result "1-0"]
[WhiteElo "2358"]
[BlackElo "2051"]
[PlyCount "51"]
[EventDate "1993.03.19"]
[EventType "swiss"]
[EventRounds "5"]
[EventCountry "CAN"]
[SourceTitle "EXT 2022"]
[Source "ChessBase"]
[SourceDate "2021.10.06"]
[SourceVersion "1"]
[SourceVersionDate "2021.10.06"]
[SourceQuality "1"]

1. d4 Nf6 2. c4 e6 3. Nc3 Bb4 4. e3 0-0 5. Bd3 d5 6. cxd5 exd5 7. Nge2 Re8 8. 0-0 c6 9. f3 Nbd7 10. g4 Nf8 11. Ng3 Bd6 12. Nf5 Bxf5 13. Bxf5 g6 14. Bc2 Ne6 15. Kh1 h5 16. e4 dxe4 17. g5 Nd5 18. fxe4 Nxc3 19. bxc3 Nxg5 20. e5 Ba3 21. Bxg5 Qxg5 22. Bb3 Re7 23. Qd3 Kf8 24. Rf6 Rd8 25. Rg1 Qxe5 26. Qxg6 1-0

[Event "Thetford Mines Groupe Commerce"]
[Site "Thetford Mines"]
[Date "1992.06.26"]
[Round "1"]
[White "Fillion, Steve"]
[Black "Tremblay, Sylvain"]
[Result "1-0"]
[WhiteElo "1856"]
[BlackElo "2005"]
[PlyCount "65"]
[EventDate "1992.06.26"]
[EventType "swiss"]
[EventRounds "5"]
[EventCountry "CAN"]
[SourceTitle "EXT 2022"]
[Source "ChessBase"]
[SourceDate "2021.10.06"]
[SourceVersion "1"]
[SourceVersionDate "2021.10.06"]
[SourceQuality "1"]

1. d4 Nf6 2. c4 e6 3. Nf3 b6 4. a3 Bb7 5. Nc3 Be7 6. d5 0-0 7. g3 exd5 8. cxd5 d6 9. Bg2 Nbd7 10. 0-0 a5 11. Nd4 Nc5 12. b3 Qd7 13. h3 Rfe8 14. Be3 Bd8 15. Qc2 Bc8 16. b4 Nb7 17. Ncb5 h6 18. Rac1 Nh7 19. Nxc7 Bxc7 20. Qxc7 Qa4 21. Qc6 axb4 22. axb4 Nf6 23. Qxb6 Nd7 24. Qb5 Qa3 25. Qc4 Ne5 26. Qc3 Bd7 27. Qxa3 Rxa3 28. Rc7 Nd8 29. b5 Ra4 30. Rb1 f5 31. b6 Ndf7 32. b7 Rb8 33. Nc6 1-0

[Event "Quebec Carnaval"]
[Site "Quebec"]
[Date "1992.02.07"]
[Round "1"]
[White "Tremblay, Sylvain"]
[Black "Lesiege, Alexandre"]
[Result "0-1"]
[WhiteElo "1935"]
[BlackElo "2452"]
[PlyCount "92"]
[EventDate "1992.02.07"]
[EventType "swiss"]
[EventRounds "5"]
[EventCountry "CAN"]
[SourceTitle "EXT 2022"]
[Source "ChessBase"]
[SourceDate "2021.10.06"]
[SourceVersion "1"]
[SourceVersionDate "2021.10.06"]
[SourceQuality "1"]

1. d4 Nf6 2. c4 g6 3. Nc3 Bg7 4. e4 0-0 5. Nf3 d6 6. Be2 e5 7. Be3 c6 8. 0-0 Na6 9. dxe5 dxe5 10. Qxd8 Rxd8 11. Rfd1 Re8 12. h3 Bf8 13. a3 b6 14. b4 h6 15. Nd2 Nc7 16. Rab1 Ba6 17. a4 Ne6 18. Nf3 c5 19. Nxe5 Nd4 20. Rxd4 cxd4 21. Bxd4 Bg7 22. f4 Bb7 23. Bf3 Nd7 24. Nb5 Nxe5 25. Bxe5 Bxe5 26. fxe5 Rxe5 27. Nd6 Bc6 28. b5 Rd8 29. Nxf7 Kxf7 30. bxc6 Rc8 31. Rb5 Kf6 32. a5 Rxc6 33. axb6 Rxb6 34. Rxb6+ axb6 35. Kf2 Ra5 36. Ke3 Ke5 37. Be2 Ra3+ 38. Bd3 Ra2 39. Bf1 Ra3+ 40. Bd3 Rb3 41. h4 Rb2 42. Bf1 Rb3+ 43. Bd3 Ra3 44. g4 Rb3 45. h5 g5 46. Kd2 Kd4 0-1

[Event "Quebec Carnaval"]
[Site "Quebec"]
[Date "1991.02.10"]
[Round "5"]
[White "Maheux, Pierre"]
[Black "Tremblay, Sylvain"]
[Result "0-1"]
[WhiteElo "1824"]
[BlackElo "1872"]
[PlyCount "94"]
[EventDate "1991.02.08"]
[EventType "swiss"]
[EventRounds "5"]
[EventCountry "CAN"]
[SourceTitle "EXT 2022"]
[Source "ChessBase"]
[SourceDate "2021.10.06"]
[SourceVersion "1"]
[SourceVersionDate "2021.10.06"]
[SourceQuality "1"]

1. e4 c5 2. Nf3 e6 3. d4 cxd4 4. Nxd4 Nf6 5. Nc3 d6 6. Bc4 Be7 7. 0-0 0-0 8. Bb3 Na6 9. Qe2 Nc5 10. Rd1 Bd7 11. a4 Qb8 12. Ba2 Rc8 13. a5 b5 14. b4 Na6 15. Ndxb5 Nxb4 16. Bc4 a6 17. Nd4 Qc7 18. Na4 Qxc4 19. Qxc4 Rxc4 20. Nb6 Rxd4 21. Rxd4 Nxc2 22. Rc4 Nxa1 23. Nxa8 Nb3 24. Ba3 Nxa5 25. Rc7 Bd8 26. Ra7 Nc4 27. Bxd6 Nxd6 28. e5 Nde8 29. exf6 Nxf6 30. Rxa6 g5 31. Nb6 Bxb6 32. Rxb6 Kg7 33. Kf1 e5 34. Ke2 Be6 35. Rc6 Kg6 36. f3 h5 37. Rc5 Nd5 38. Ra5 f6 39. Kf2 g4 40. Ra6 Bf5 41. Rd6 Nf4 42. Rd8 gxf3 43. gxf3 Be6 44. Kg3 Bd5 45. Rd6 Kf5 46. Ra6 Ne2+ 47. Kf2 Nd4 0-1

[Event "Quebec Carnaval"]
[Site "Quebec"]
[Date "1991.02.09"]
[Round "3"]
[White "Demers, Jean Yves"]
[Black "Tremblay, Sylvain"]
[Result "0-1"]
[WhiteElo "1673"]
[BlackElo "1872"]
[PlyCount "49"]
[EventDate "1991.02.08"]
[EventType "swiss"]
[EventRounds "5"]
[EventCountry "CAN"]
[SourceTitle "EXT 2022"]
[Source "ChessBase"]
[SourceDate "2021.10.06"]
[SourceVersion "1"]
[SourceVersionDate "2021.10.06"]
[SourceQuality "1"]

1. e4 c5 2. c3 d5 3. e5 Nc6 4. d4 cxd4 5. cxd4 Bf5 6. Nc3 e6 7. Nf3 Bb4 8. a3 Ba5 9. b4 Bc7 10. Be2 Rc8 11. 0-0 Nge7 12. Bg5 0-0 13. Bd3 Bg4 14. Bc2 f6 15. exf6 gxf6 16. Bh6 Rf7 17. h3 Bxf3 18. gxf3 Kh8 19. Ne2 Qd7 20. Ng3 e5 21. Kg2 Nxd4 22. Ba4 b5 23. Bb3 Nef5 24. Nxf5 Qxf5 25. Rh1 0-1

[Event "Charny Bonne annee"]
[Site "Charny"]
[Date "1991.01.06"]
[Round "4"]
[White "Tremblay, Sylvain"]
[Black "Demers, Jean Yves"]
[Result "1-0"]
[WhiteElo "1875"]
[BlackElo "1670"]
[PlyCount "65"]
[EventDate "1991.01.04"]
[EventType "swiss"]
[EventRounds "5"]
[EventCountry "CAN"]
[SourceTitle "EXT 2022"]
[Source "ChessBase"]
[SourceDate "2021.10.06"]
[SourceVersion "1"]
[SourceVersionDate "2021.10.06"]
[SourceQuality "1"]

1. d4 Nf6 2. c4 e6 3. Nc3 Bb4 4. e3 b6 5. Nf3 Ne4 6. Qb3 Bxc3+ 7. bxc3 c5 8. Be2 0-0 9. 0-0 d5 10. cxd5 exd5 11. Ba3 c4 12. Qb2 Re8 13. Ne5 f6 14. Bh5 fxe5 15. Bxe8 Qxe8 16. f3 Nf6 17. dxe5 Qxe5 18. e4 dxe4 19. Rad1 Nbd7 20. fxe4 Bb7 21. Bd6 Qxe4 22. Rfe1 Qc6 23. Ba3 Nc5 24. Re2 Nd3 25. Qd2 Ne4 26. Qc2 Qg6 27. Rf1 Re8 28. Qa4 a6 29. Qxc4+ Kh8 30. Qxd3 b5 31. Qd7 Qb6+ 32. Kh1 Bc6 33. Qxe8+ 1-0